000 00313nam a2200145Ia 4500
100 _aSabnis/ Anupa
942 _cBK
654 _aDigital signal
245 _aDigital signal processing
260 _bNandu Pub
_aNew Delhi
_c1999
082 _a621.3822
_bSAB
300 _a263
546 _aENGLISH
999 _c24143
_d24143